Legislación universitaria. (Record no. 60172)

MARC details
000 -LEADER
campo de control de longitud fija 00840nam a2200241 i 4500
001 - NÚMERO DE CONTROL
campo de control 60172
003 - IDENTIFICADOR DE NÚMERO DE CONTROL
campo de control ES-MaACL
005 - FECHA Y HORA DE LA ÚLTIMA TRANSACCIÓN
campo de control 20250827062611.0
007 - CAMPO FIJO DE DESCRIPCIÓN FÍSICA--INFORMACIÓN GENERAL
campo de control de longitud fija t|
008 - DATOS DE LONGITUD FIJA--INFORMACIÓN GENERAL
campo de control de longitud fija 031103s1986 sp ||||1| spa d
110 1# - ENTRADA PRINCIPAL--NOMBRE DE ENTIDAD CORPORATIVA
Nombre de entidad corporativa o nombre de jurisdicción como elemento de entrada España
9 (RLIN) 3622
240 #0 - TÍTULO UNIFORME
Título uniforme Leyes, etc., de universidad
245 10 - MENCIÓN DEL TÍTULO
Título Legislación universitaria.
260 ## - PUBLICACIÓN, DISTRIBUCIÓN, ETC.
Lugar de publicación, distribución, etc. Madrid :
Nombre del editor, distribuidor, etc. Tecnos,
Fecha de publicación, distribución, etc. [1986]
300 ## - DESCRIPCIÓN FÍSICA
Extensión 2 v. ;
Dimensiones 24 cm.
500 ## - NOTA GENERAL
Nota general Indices.
505 8# - NOTA DE CONTENIDO CON FORMATO
Nota de contenido con formato Contiene: T. I.: Normativa general y autonómica / edición preparada por Antonio Embid Irujo. -- T. II.: Estatutos de las universidades / edición preparada por José Ramón Codina Vallverdu
700 1# - ENTRADA AGREGADA--NOMBRE PERSONAL
Nombre de persona Embid Irujo, Antonio.
9 (RLIN) 47138
700 1# - ENTRADA AGREGADA--NOMBRE PERSONAL
Nombre de persona Codina Vallverdu, José Ramón.
9 (RLIN) 39436
740 0# - ENTRADA AGREGADA--TÍTULO RELACIONADO/ANALÍTICO NO CONTROLADO
Título relacionado o analítico no controlado Leyes, etc., de universidad.
852 ## - LOCALIZACIÓN
Ubicación ES-MaACL
Número de control de estantería L-9596-7
Sublocalización o colección R.111880
Holdings
Estatus retirado Estado de pérdida Estado de daño No para préstamo Biblioteca de origen Biblioteca actual Ubicación en estantería Fecha de adquisición Fuente de adquisición Total de préstamos Signatura topográfica completa Código de barras Visto por última vez Precio de reemplazo Tipo de ítem Koha
        Biblioteca del Ateneo de Madrid Biblioteca del Ateneo de Madrid Depósito 2 17/01/2008     L-9596-7 1063116 23/02/2023 23/02/2023 Libro impreso